000 00315 a2200157 4500
001 190527
020 _a978-0-230-42283-4
040 _cMagnum
100 _aCampbell, Robert
240 1 0 _aOwl hall
_lING
245 1 0 _aOwl hall
300 _a87
362 0 _a2012
697 _aLITERATURA INGLESA
942 _cBK
999 _c190527
_d190527